| 000 | 00518nam a22001337a 4500 | ||
|---|---|---|---|
| 999 |
_c519229 _d519229 |
||
| 008 | 220215b ||||| |||| 00| 0 eng d | ||
| 100 |
_aDas, Chhandita and Tripathi, Priyanka _932272 |
||
| 245 | _aThrough the lens of gender: Makeover of ‘ Aatmanirbhar Bharat’, labour migration and Covid-19 pandemic | ||
| 260 | _aIndian Journal of Public Administration | ||
| 300 | _a67(3), Sep, 2021: p.484-491 | ||
| 773 | _aIndian Journal of Public Administration | ||
| 906 | _aCOVID-19 (DISEASE) – INDIA | ||
| 942 | _cAR | ||